000 00304nam a2200121Ia 4500
008 190216s9999||||xx |||||||||||||| ||und||
100 _aWilliam T Taylo & Richard J Weber
245 0 _aGeneral Biology
260 _bAffiliated East West Press
_c1964
300 _a945p
650 _aBotany
942 _cBK
999 _c1046
_d1046